Переработка тяжелых нефтей и нефтяных остатков. Гидрогенизационные процессы: пер. с англ.

Detalles Bibliográficos
Outros autores: Анчита Х. Хорхе (редактор), Спейт Дж. Джеймс
Summary:В книге собраны и доступно изложены сведения из многочисленных источников, посвященных особенностям гидрогенизационной переработки тяжелого нефтяного сырья. Обсуждены вопросы, связанные с химизмом, термодинамикой и кинетикой гидрогенизационных процессов (гидроочистки, гидрокрекинга), а также особенностями основных реакций. Выполнен анализ характеристик различных типов реакторов — с неподвижным, движущимся и кипящим слоем катализатора. Приведены принципиальные схемы процессов гидропереработки, параметры режима. В книге подробно рассмотрены катализаторы гидроперсработки с характеристикой носителей, вопросы дезактивации катализаторов и их регенерации. Особый интерес представляют разделы, связанные с промышленными процессами гидроочистки и гидрокрекинга. Кратко описаны отдельные промышленные варианты гидропереработки атмосферных и вакуумных остатков, разработанные ведущими зарубежными фирмами. Рассмотрены перспективы развития технологий и создания катализаторов гидропереработки на основе результатов экспериментальных работ. Книга рекомендована специалистам в области переработки нефти, а также менеджерам и сотрудникам нефтяных компаний, работникам НПЗ, аспирантам, магистрам и студентам профильных вузов.
Idioma:ruso
Publicado: Санкт-Петербург, Профессия, 2013
Subjects:
Formato: MixedMaterials Libro
KOHA link:https://koha.lib.tpu.ru/cgi-bin/koha/opac-detail.pl?biblionumber=242709

MARC

LEADER 00000nam0a2200000 4500
001 242709
005 20231101231919.0
010 |a 9785918840405 
035 |a (RuTPU)RU\TPU\book\264027 
035 |a RU\TPU\book\237772 
090 |a 242709 
100 |a 20130909d2013 km y0rusy50 ca 
101 1 |a rus  |c eng 
102 |a RU 
105 |a a z 001zy 
200 1 |a Переработка тяжелых нефтей и нефтяных остатков. Гидрогенизационные процессы  |e пер. с англ.  |f под ред. Х. Анчиты; Дж. Спейта 
210 |a Санкт-Петербург  |c Профессия  |d 2013 
215 |a 381 с.  |c ил. 
320 |a Библиография в конце глав. 
330 |a В книге собраны и доступно изложены сведения из многочисленных источников, посвященных особенностям гидрогенизационной переработки тяжелого нефтяного сырья. Обсуждены вопросы, связанные с химизмом, термодинамикой и кинетикой гидрогенизационных процессов (гидроочистки, гидрокрекинга), а также особенностями основных реакций. Выполнен анализ характеристик различных типов реакторов — с неподвижным, движущимся и кипящим слоем катализатора. Приведены принципиальные схемы процессов гидропереработки, параметры режима. В книге подробно рассмотрены катализаторы гидроперсработки с характеристикой носителей, вопросы дезактивации катализаторов и их регенерации. Особый интерес представляют разделы, связанные с промышленными процессами гидроочистки и гидрокрекинга. Кратко описаны отдельные промышленные варианты гидропереработки атмосферных и вакуумных остатков, разработанные ведущими зарубежными фирмами. Рассмотрены перспективы развития технологий и создания катализаторов гидропереработки на основе результатов экспериментальных работ. Книга рекомендована специалистам в области переработки нефти, а также менеджерам и сотрудникам нефтяных компаний, работникам НПЗ, аспирантам, магистрам и студентам профильных вузов. 
606 1 |a Нефтепереработка  |x Гидрогенизация каталитическая  |2 stltpush  |3 (RuTPU)RU\TPU\subj\34121  |9 56159 
610 1 |a тяжелые нефти 
610 1 |a нефтяные остатки 
610 1 |a сырье 
610 1 |a оценка 
610 1 |a состав 
610 1 |a гидропереработка 
610 1 |a гидрогенизационные процессы 
610 1 |a реакции 
610 1 |a термодинамика 
610 1 |a химические реакторы 
610 1 |a катализаторы 
610 1 |a промышленная гидроочистка 
610 1 |a гидрокрекинг 
610 1 |a водород 
610 1 |a производство 
675 |a 665.65  |v 3 
702 1 |a Анчита  |b Х.  |g Хорхе  |4 340 
702 1 |a Спейт  |b Дж.  |g Джеймс  |4 340 
801 1 |a RU  |b 63413507  |c 20120608 
801 2 |a RU  |b 63413507  |c 20230322  |g RCR 
900 |a Химическая технология первичной и глубокой переработки нефти 
900 |a Теоретические основы химической технологии топлива и углеродных материалов 
942 |c BK 
959 |a 96/20130603  |d 5  |e 2700,00  |f УФ:5